00941cam a2200229 a 450000100100000000500170001000800410002702000150006803500230008303500200010604000370012605000220016308200140018524502600019925000200045926000480047930000330052765000310056065000420059165000390063370000390067200001160320200929162512.0030203s2001 cu a 000 0 spa d a9591006551 a(OCoLC)ocm52422521 a(OCoLC)52422521 aDO-SdBNPcUIUdOCLCQdBNPHUdDLC00aZ250.3b.M84 2001 aNNbM948c00aMuestras de los carácteres de letras de la Imprenta de Marina de la propiedad de don José Severino Boloña :bestablecida en la casa número noventa y cinco calle de Villegas, Habana : Imprenta de la Marina de este apostadero por S.M, año de 1836. aEd. fascimilar. aLa Habana, (Cuba) :bLetras Cubanas,c2001. a48, [50] p. :bil. ;c28 cm. 0aType ornamentsvSpecimens. 0aType and type-foundingzCubazHavana. 0aPrintingvSpecimenszCubazHavana.1 aBoloña, Jose Severino,dd. 1852?